Tratado sobre la imposicin̤ directa

Detalles Bibliográficos
Autor principal: Berch ̌Moreno, Eduardo
Formato: eBook
Lenguaje:español
Publicado: Barcelona : J.M. Bosch, 2012
Materias:
Acceso en línea:http://www.vlex.com/source/7273

MARC

LEADER 00000nam a22000007a 4500
005 20130228145351.0
007 cr|||| ||||
008 130228e2013 sp |||||s|||| 00||0 spa d
020 |a 978-84-940751-0-0 
035 |a 7273 
040 |a vLex 
090 |c 3782  |d 3782 
100 1 0 |a Berch ̌Moreno, Eduardo 
245 1 0 |a Tratado sobre la imposicin̤ directa  |h [Recurso electrn̤ico] 
256 |a Servicio en ln̕ea 
260 |a Barcelona :  |b J.M. Bosch,  |c 2012 
300 |a 1 Recurso electrn̤ico 
650 0 4 |a Derecho tributario  |z Espaą 
650 0 4 |a Impuestos directos 
740 |a vLex Libros (Servicio en ln̕ea) 
856 |a Acceso restringido  |u http://www.vlex.com/source/7273 
942 |c BOOK 
999 0 |a Taxation